| 000 | 00982 a2200205 4500 | ||
|---|---|---|---|
| 001 | 30920 | ||
| 005 | 20260407155617.0 | ||
| 008 | 260407a1946 arg spa d | ||
| 003 | AR-UNSa-BCEJYS | ||
| 040 |
_aAR-UNSa-BCEJYS _bspa _cAR-UNSa-BCEJYS |
||
| 080 |
_a657.1 _xTeneduría de libros. Sistemas. Procedimientos (Operaciones bancarias) |
||
| 245 | 1 | 0 | _aRiesgos bancarios |
| 250 | _a2a. ed | ||
| 264 | 1 |
_aBuenos Aires : _bSelección Contable _c1946 |
|
| 300 |
_a253 p. _c22 cm. |
||
| 505 | _a1. Generalidades - 2. Riesgos de la evolución bancaria - 3. El riesgo del crédito - 4. Los riesgos del crédito y los ratios de operaciones - 5. Los riesgos del crédito en las situaciones comerciales - 6. Los riesgos del crédito y los ratio financieros - 7. El riesgo en el crédito consuntivo - 8. Riesgos y política bancaria en las liquidaciones - 9. La explotación y sus riesgos | ||
| 942 | _cBK | ||
| 590 | _aniveau_biblio:m niveau_hierar:0 | ||
| 100 | 1 | _aCañellas, Marcelo G. | |
| 999 |
_c2140 _d2140 |
||